[Event "GER-chT U16"]
[Site "Darmstadt"]
[Date "2022.12.27"]
[Round "1"]
[White "Hoffmann, Alexander4"]
[Black "Kolkmann, Tom"]
[Result "1/2-1/2"]
[WhiteElo "1635"]
[BlackElo "1661"]
[PlyCount "82"]
[EventDate "2022.12.26"]
[EventType "team-swiss"]
[EventRounds "7"]
[EventCountry "GER"]
[SourceTitle "CBM 212 Extra"]
[Source "ChessBase"]
[SourceDate "2023.03.31"]
[SourceVersion "1"]
[SourceVersionDate "2023.03.31"]
[SourceQuality "1"]
[WhiteTeam "Karlsruhe"]
[BlackTeam "Rheda"]
[WhiteTeamCountry "GER"]
[BlackTeamCountry "GER"]

1. c4 e5 2. g3 f5 3. Bg2 Nf6 4. Nc3 Bc5 5. e3 Nc6 6. Nge2 e4 7. a3 a5 8. d4 exd3 9. Qxd3 d6 10. b3 Ne5 11. Qc2 0-0 12. 0-0 c6 13. Nd4 g6 14. Bb2 Qe7 15. Rad1 Be6 16. Nce2 Bb6 17. Rd2 a4 18. Nxe6 Qxe6 19. Nf4 Qe7 20. b4 Rfd8 21. Rfd1 Bc7 22. b5 Nfd7 23. Nd3 Nxd3 24. Rxd3 Nc5 25. bxc6 bxc6 26. Bxc6 Nxd3 27. Bxa8 Nxb2 28. Bd5+ Kg7 29. Qxb2+ Qe5 30. Qxe5+ dxe5 31. Kf1 Rb8 32. Bc6 Rd8 33. Rxd8 Bxd8 34. Bxa4 Be7 35. f4 e4 36. Ke2 Bxa3 37. Bc6 Bc5 38. Bd5 Kf6 39. h3 h5 40. g4 h4 41. g5+ Ke7 1/2-1/2

[Event "GER-chT Christmas U16 Lasker"]
[Site "Playchess.com INT"]
[Date "2020.12.28"]
[Round "6.1"]
[White "Doll, Rebecca"]
[Black "Kolkmann, Tom"]
[Result "1-0"]
[WhiteElo "1762"]
[BlackElo "1560"]
[PlyCount "43"]
[EventDate "2020.12.28"]
[EventType "team-swiss (blitz)"]
[EventRounds "7"]
[EventCountry "GER"]
[SourceTitle "CBM 200 Extra"]
[Source "ChessBase"]
[SourceDate "2021.03.31"]
[SourceVersion "1"]
[SourceVersionDate "2021.03.31"]
[SourceQuality "1"]
[WhiteTeam "Baden-Baden II"]
[BlackTeam "Rheda"]
[WhiteTeamCountry "GER"]
[BlackTeamCountry "GER"]

1. e4 e5 2. Nf3 Nc6 3. Bc4 Bc5 4. 0-0 Nf6 5. d3 d6 6. c3 Be6 7. Bb5 Qd7 8. d4 exd4 9. cxd4 Nxe4 10. dxc5 Nxc5 11. Re1 0-0-0 12. Nd4 Rde8 13. b4 Bg4 14. Rxe8+ Rxe8 15. f3 Bxf3 16. Nxf3 Ne6 17. Nc3 Nf4 18. Bxf4 Qf5 19. Bg3 g5 20. Bxc6 bxc6 21. Nd4 Qd5 22. Nxd5 1-0

[Event "GER-chT Christmas U16 Lasker"]
[Site "Playchess.com INT"]
[Date "2020.12.28"]
[Round "4.1"]
[White "Ramien, Hannah"]
[Black "Kolkmann, Tom"]
[Result "1-0"]
[WhiteElo "1396"]
[BlackElo "1560"]
[PlyCount "49"]
[EventDate "2020.12.28"]
[EventType "team-swiss (blitz)"]
[EventRounds "7"]
[EventCountry "GER"]
[SourceTitle "CBM 200 Extra"]
[Source "ChessBase"]
[SourceDate "2021.03.31"]
[SourceVersion "1"]
[SourceVersionDate "2021.03.31"]
[SourceQuality "1"]
[WhiteTeam "Koeln Porz II"]
[BlackTeam "Rheda"]
[WhiteTeamCountry "GER"]
[BlackTeamCountry "GER"]

1. e4 e5 2. Nf3 Nc6 3. Bc4 Bc5 4. c3 Nf6 5. d3 d6 6. Nbd2 Be6 7. Bb3 0-0 8. 0-0 Qd7 9. Re1 Bg4 10. Nf1 Ne7 11. h3 Bh5 12. Ng3 Ng6 13. Bg5 Nf4 14. Bxf6 gxf6 15. Nxh5 Nxh5 16. Nh4 Nf4 17. Qf3 Kh8 18. Rad1 Rg8 19. d4 Nxh3+ 20. Kh2 Ng5 21. Qxf6+ Rg7 22. Nf5 Rag8 23. Nxg7 Rxg7 24. dxc5 Kg8 25. cxd6 1-0

[Event "GER-ch U18 sf Berlin Online"]
[Site "Playchess.com INT"]
[Date "2020.05.01"]
[Round "8"]
[White "Ellert, Stefan"]
[Black "Kolkmann, Tom"]
[Result "1-0"]
[WhiteElo "1748"]
[BlackElo "1620"]
[PlyCount "67"]
[EventDate "2020.05.01"]
[EventType "swiss (blitz)"]
[EventRounds "13"]
[EventCountry "GER"]
[SourceTitle "CBM 195 Extra"]
[Source "ChessBase"]
[SourceDate "2020.05.31"]
[SourceVersion "1"]
[SourceVersionDate "2020.05.31"]
[SourceQuality "1"]

1. e4 e5 2. Bc4 Nf6 3. d3 Nc6 4. Nf3 Bc5 5. 0-0 d6 6. Nc3 Bg4 7. h3 Bh5 8. Be3 Bb6 9. Nd5 Nxd5 10. Bxd5 Rb8 11. c3 Ne7 12. Bb3 0-0 13. d4 exd4 14. cxd4 d5 15. e5 c6 16. g4 Bg6 17. Nh4 f6 18. Nxg6 Nxg6 19. exf6 Rxf6 20. Bg5 Bxd4 21. Qxd4 b6 22. Bxf6 gxf6 23. Rfe1 Qd6 24. Re3 Rd8 25. Rae1 Kf7 26. Qd3 c5 27. Bc2 d4 28. R3e2 Kg7 29. Qf3 c4 30. Bxg6 hxg6 31. Re7+ Kf8 32. R1e6 Qb4 33. Qxf6+ Kg8 34. Qg7# 1-0

[Event "GER-ch U18 sf Berlin Online"]
[Site "Playchess.com INT"]
[Date "2020.05.01"]
[Round "12"]
[White "Jahnz, Laurin"]
[Black "Kolkmann, Tom"]
[Result "1-0"]
[WhiteElo "1702"]
[BlackElo "1620"]
[PlyCount "57"]
[EventDate "2020.05.01"]
[EventType "swiss (blitz)"]
[EventRounds "13"]
[EventCountry "GER"]
[SourceTitle "CBM 195 Extra"]
[Source "ChessBase"]
[SourceDate "2020.05.31"]
[SourceVersion "1"]
[SourceVersionDate "2020.05.31"]
[SourceQuality "1"]

1. e4 e5 2. Nf3 Nc6 3. Bc4 Bc5 4. c3 Nf6 5. d3 d6 6. 0-0 Be6 7. Bxe6 fxe6 8. Qb3 Qd7 9. Ng5 Ke7 10. Qxb7 Rab8 11. Qa6 h6 12. Nf3 d5 13. exd5 exd5 14. Qa4 g5 15. Re1 Bd6 16. Nbd2 g4 17. Nh4 Rhg8 18. g3 Kd8 19. Nf1 e4 20. dxe4 Nxe4 21. Bxh6 Rxb2 22. c4 Rxf2 23. Rxe4 dxe4 24. Kxf2 Qf7+ 25. Kg2 Qf3+ 26. Nxf3 exf3+ 27. Kh1 Bc5 28. Qxc6 Bd6 29. Qa8+ 1-0

[Event "GER-ch U18 sf Berlin Online"]
[Site "Playchess.com INT"]
[Date "2020.05.01"]
[Round "9"]
[White "Kolkmann, Tom"]
[Black "Margaryan, Venera"]
[Result "1-0"]
[WhiteElo "1620"]
[BlackElo "1514"]
[PlyCount "55"]
[EventDate "2020.05.01"]
[EventType "swiss (blitz)"]
[EventRounds "13"]
[EventCountry "GER"]
[SourceTitle "CBM 195 Extra"]
[Source "ChessBase"]
[SourceDate "2020.05.31"]
[SourceVersion "1"]
[SourceVersionDate "2020.05.31"]
[SourceQuality "1"]

1. e4 e5 2. Nf3 Nc6 3. Bc4 Nf6 4. Nc3 Bc5 5. d3 d6 6. Bg5 Be6 7. Bb3 0-0 8. Nh4 h6 9. Be3 Bb6 10. Nf5 Qd7 11. Qf3 Bxf5 12. exf5 Nd4 13. Bxd4 Bxd4 14. 0-0-0 c6 15. Ne4 Nxe4 16. dxe4 Rad8 17. g4 d5 18. c3 Bb6 19. h4 f6 20. exd5 cxd5 21. Bxd5+ Kh8 22. Be6 Qa4 23. Bb3 Qc6 24. Qg3 Rxd1+ 25. Rxd1 a6 26. g5 Qc5 27. gxh6 gxh6 28. Rg1 1-0

[Event "GER-ch U18 sf Berlin Online"]
[Site "Playchess.com INT"]
[Date "2020.05.01"]
[Round "11"]
[White "Kolkmann, Tom"]
[Black "Morczynski, Joachim"]
[Result "1-0"]
[WhiteElo "1620"]
[BlackElo "1519"]
[PlyCount "45"]
[EventDate "2020.05.01"]
[EventType "swiss (blitz)"]
[EventRounds "13"]
[EventCountry "GER"]
[SourceTitle "CBM 195 Extra"]
[Source "ChessBase"]
[SourceDate "2020.05.31"]
[SourceVersion "1"]
[SourceVersionDate "2020.05.31"]
[SourceQuality "1"]

1. e4 d6 2. d4 Nf6 3. Nc3 g6 4. Nf3 Bg7 5. Bf4 0-0 6. Bc4 Nxe4 7. Nxe4 d5 8. Bxd5 Qxd5 9. Nc3 Qf5 10. Bxc7 Nc6 11. 0-0 Nb4 12. Rc1 Be6 13. a3 Nd5 14. Nxd5 Qxd5 15. c4 Qc6 16. d5 Bxd5 17. cxd5 Qd7 18. Be5 Bxe5 19. Nxe5 Qb5 20. Qd4 Rad8 21. Rfd1 e6 22. Ng4 Rxd5 23. Nh6# 1-0

[Event "GER-ch U18 sf Berlin Online"]
[Site "Playchess.com INT"]
[Date "2020.05.01"]
[Round "7"]
[White "Kolkmann, Tom"]
[Black "Wang, Kaiwen"]
[Result "1-0"]
[WhiteElo "1620"]
[BlackElo "1406"]
[PlyCount "35"]
[EventDate "2020.05.01"]
[EventType "swiss (blitz)"]
[EventRounds "13"]
[EventCountry "GER"]
[SourceTitle "CBM 195 Extra"]
[Source "ChessBase"]
[SourceDate "2020.05.31"]
[SourceVersion "1"]
[SourceVersionDate "2020.05.31"]
[SourceQuality "1"]

1. e4 e5 2. Nf3 Nc6 3. Bc4 Bc5 4. d3 Nf6 5. Nc3 d6 6. Bg5 0-0 7. Nd5 h6 8. Nxf6+ gxf6 9. Bxh6 Re8 10. Nh4 Kh8 11. Nf5 Bxf5 12. exf5 Rg8 13. Bxf7 Rxg2 14. Qf3 Rxf2 15. Qg3 Qg8 16. Bxg8 Rxg8 17. Qh3 Rfg2 18. Bf8# 1-0

[Event "GER-ch U18 sf Berlin Online"]
[Site "Playchess.com INT"]
[Date "2020.05.01"]
[Round "1"]
[White "Metzdorf, Matteo"]
[Black "Kolkmann, Tom"]
[Result "1-0"]
[WhiteElo "1864"]
[BlackElo "1620"]
[PlyCount "58"]
[EventDate "2020.05.01"]
[EventType "swiss (blitz)"]
[EventRounds "13"]
[EventCountry "GER"]
[SourceTitle "CBM 195 Extra"]
[Source "ChessBase"]
[SourceDate "2020.05.31"]
[SourceVersion "1"]
[SourceVersionDate "2020.05.31"]
[SourceQuality "1"]

1. e4 e5 2. Nf3 Nc6 3. Bb5 a6 4. Ba4 b5 5. Bb3 Nf6 6. d3 Bc5 7. 0-0 d6 8. c3 Bd7 9. Nbd2 0-0 10. Re1 a5 11. Nf1 a4 12. Bc2 b4 13. Ng3 Ne7 14. d4 exd4 15. cxd4 Bb6 16. Bg5 Ng6 17. e5 dxe5 18. dxe5 Nxe5 19. Nxe5 Bb5 20. Qxd8 Rfxd8 21. Bxf6 gxf6 22. Ng4 Rd2 23. Bf5 Rxb2 24. Nxf6+ Kg7 25. Nfe4 Bd4 26. Rab1 Rc2 27. Rxb4 Bc3 28. Nxc3 Rxc3 29. Rxb5 Rd8 1-0